<?xml version="1.0" encoding="UTF-8"?>
<record
    xmlns:xsi="http://www.w3.org/2001/XMLSchema-instance"
    xsi:schemaLocation="http://www.loc.gov/MARC21/slim http://www.loc.gov/standards/marcxml/schema/MARC21slim.xsd"
    xmlns="http://www.loc.gov/MARC21/slim">

  <leader>00347nam a22001577a 4500</leader>
  <controlfield tag="005">20241202153921.0</controlfield>
  <controlfield tag="008">241202b        |||||||| |||| 00| 0 eng d</controlfield>
  <datafield tag="040" ind1=" " ind2=" ">
    <subfield code="a">04</subfield>
  </datafield>
  <datafield tag="082" ind1=" " ind2=" ">
    <subfield code="a">340.59 MUL</subfield>
  </datafield>
  <datafield tag="100" ind1=" " ind2=" ">
    <subfield code="a">MULLA</subfield>
  </datafield>
  <datafield tag="245" ind1=" " ind2=" ">
    <subfield code="a">PRINCIPLES OF MAHOMEDAN LAW</subfield>
  </datafield>
  <datafield tag="260" ind1=" " ind2=" ">
    <subfield code="a">LEXIS NEXIS</subfield>
  </datafield>
  <datafield tag="300" ind1=" " ind2=" ">
    <subfield code="a">872</subfield>
  </datafield>
  <datafield tag="650" ind1=" " ind2=" ">
    <subfield code="a"> MAHOMEDAN LAW</subfield>
  </datafield>
  <datafield tag="942" ind1=" " ind2=" ">
    <subfield code="c">03</subfield>
  </datafield>
  <datafield tag="999" ind1=" " ind2=" ">
    <subfield code="c">64677</subfield>
    <subfield code="d">64677</subfield>
  </datafield>
  <datafield tag="952" ind1=" " ind2=" ">
    <subfield code="0">0</subfield>
    <subfield code="1">0</subfield>
    <subfield code="2">ddc</subfield>
    <subfield code="4">0</subfield>
    <subfield code="6">340_590000000000000_MUL</subfield>
    <subfield code="7">0</subfield>
    <subfield code="9">539853</subfield>
    <subfield code="a">04</subfield>
    <subfield code="b">04</subfield>
    <subfield code="d">2024-12-02</subfield>
    <subfield code="e">WESTERN LAW HOUSE</subfield>
    <subfield code="g">1795.00</subfield>
    <subfield code="l">1</subfield>
    <subfield code="o">340.59 MUL</subfield>
    <subfield code="p">04-B-11683</subfield>
    <subfield code="r">2025-03-21</subfield>
    <subfield code="s">2025-03-10</subfield>
    <subfield code="w">2024-12-02</subfield>
    <subfield code="y">03</subfield>
  </datafield>
  <datafield tag="952" ind1=" " ind2=" ">
    <subfield code="0">0</subfield>
    <subfield code="1">0</subfield>
    <subfield code="2">ddc</subfield>
    <subfield code="4">0</subfield>
    <subfield code="6">340_590000000000000_MUL</subfield>
    <subfield code="7">0</subfield>
    <subfield code="9">539854</subfield>
    <subfield code="a">04</subfield>
    <subfield code="b">04</subfield>
    <subfield code="d">2024-12-02</subfield>
    <subfield code="e">WESTERN LAW HOUSE</subfield>
    <subfield code="g">1795.00</subfield>
    <subfield code="l">2</subfield>
    <subfield code="o">340.59 MUL</subfield>
    <subfield code="p">04-B-11684</subfield>
    <subfield code="r">2025-03-19</subfield>
    <subfield code="s">2025-03-10</subfield>
    <subfield code="w">2024-12-02</subfield>
    <subfield code="y">03</subfield>
  </datafield>
</record>
